दिवोदास / (Record no. 114595)

MARC details
000 -LEADER
fixed length control field 01030nam a22002537a 4500
005 - DATE AND TIME OF LATEST TRANSACTION
control field 20170124103011.0
010 ## - LIBRARY OF CONGRESS CONTROL NUMBER
LC control number A-422268
020 ## - INTERNATIONAL STANDARD BOOK NUMBER
Terms of availability 15.00
035 ## - SYSTEM CONTROL NUMBER
System control number A-422268
037 ## - SOURCE OF ACQUISITION
Source of stock number/acquisition Cen Lib/Ret
040 ## - CATALOGING SOURCE
Original cataloging agency DPL
Language of cataloging HN
082 ## - DEWEY DECIMAL CLASSIFICATION NUMBER
Classification number
Item number सांकृत्या
100 ## - MAIN ENTRY--PERSONAL NAME
Personal name सांकृत्यायन, राहुल
9 (RLIN) 9382
245 ## - TITLE STATEMENT
Title दिवोदास /
Statement of responsibility, etc राहुल सांकृत्यायन
246 ## - VARYING FORM OF TITLE
Title proper/short title Divodas /
Remainder of title by Rahul Sankrityayan
260 ## - PUBLICATION, DISTRIBUTION, ETC. (IMPRINT)
Place of publication, distribution, etc इलाहाबाद
Name of publisher, distributor, etc किताब महल एजेंसी
Date of publication, distribution, etc 1979
270 ## - ADDRESS
City इलाहाबाद
Address 84, के. पि. कक्कड़ रोड
300 ## - PHYSICAL DESCRIPTION
Extent 94पृ.
Dimensions 20मी(सजिल्द)
650 ## - SUBJECT ADDED ENTRY--TOPICAL TERM
Topical term or geographic name as entry element हिन्दी साहित्य
9 (RLIN) 57477
650 ## - SUBJECT ADDED ENTRY--TOPICAL TERM
Topical term or geographic name as entry element हिन्दी साहित्य -- उपन्यास
9 (RLIN) 46379
650 ## - SUBJECT ADDED ENTRY--TOPICAL TERM
Topical term or geographic name as entry element Hindi literature
9 (RLIN) 57478
650 ## - SUBJECT ADDED ENTRY--TOPICAL TERM
Topical term or geographic name as entry element Hindi literature -- Fiction
9 (RLIN) 57479
942 ## - ADDED ENTRY ELEMENTS (KOHA)
Source of classification or shelving scheme Dewey Decimal Classification
Koha item type Hindi Books
Classification part
Call number suffix सांकृत्या
Holdings
Withdrawn status Lost status Damaged status Not for loan Home library Current library Date acquired Source of acquisition Cost, normal purchase price Total Checkouts Full call number Barcode Date last seen Date checked out Copy number Cost, replacement price Price effective from Koha item type
        Central Library Central Library 18/08/2015 Cen Lib/Ret 15.00 1 उ सांकृत्या A-422268 02/02/2018 19/01/2018 1 15.00 18/08/2015 Hindi Books

© Delhi Public Library
Hit Counter
free hit counter